00473nam a22001577a 450000500170000000800410001702000180005804100080007608200150008410000170009924501100011625000080022626000350023430000220026965000240029120250423110703.0250423b |||||||| |||| 00| 0 eng d a9781801811958 aeng a005.74 DEC aDeckler Greg aLearn Power BI A Comprehensive step by step guide for beginners to learn real world business intelligence a2nd aMumbaibPackt Publishingc2022 a458; pages: 23 cm aDatabase Management